书目信息 |
| 题名: |
亚太跨学科翻译研究
|
|
| 作者: | 罗选民 主编 | |
| 分册: | 第七辑 | |
| 出版信息: | 北京 清华大学出版社 2019 |
|
| 页数: | 183页 | |
| 开本: | 26cm | |
| 丛书名: | ||
| 单 册: | ||
| 中图分类: | H059-53 | |
| 科图分类: | ||
| 主题词: | 翻译--fan yi--文集 | |
| 电子资源: | ||
| ISBN: | 978-7-302-52619-3 | |
| 000 | 01364nam0 2200277 450 | |
| 001 | 012001008630 | |
| 005 | 20191029090051.35 | |
| 010 | @a978-7-302-52619-3@dCNY59.00 | |
| 099 | @aCAL 012019086774 | |
| 100 | @a20190704d2019 em y0chiy50 ea | |
| 101 | 0 | @achi |
| 102 | @aCN@b110000 | |
| 105 | @aack a 000yy | |
| 106 | @ar | |
| 200 | 1 | @a亚太跨学科翻译研究@Aya tai kua xue ke fan yi yan jiu@h第七辑@dAsia pacific interdisciplinary translation studies@h07@f主编罗选民@zeng |
| 210 | @a北京@c清华大学出版社@d2019 | |
| 215 | @a183页@c图, 肖像@d26cm | |
| 300 | @a本集刊为中国知网及CNKI系列数据库收录 主办单位: 中国英汉语比较研究会、亚太地区翻译与跨文化论坛、广东外语外贸大学、清华大学翻译与跨学科研究中心 | |
| 320 | @a有书目 | |
| 330 | @a本书旨在为亚太地区的学者提供一个国际性的学术交流平台,促进亚太地区与全球其它地区翻译与跨文化研究领域的理论学者和实践工作者的学术互动,推动该领域的学术研究;集刊注重学术客观性和创新性;在翻译与跨文化研究的大框架下,期刊将涵盖人文与社会科学研究的诸多领域,如文学、语言学、历史、艺术、媒体与传播学、文化研究、政治学、国际关系、社会学以及人类学等。计划2018年出版两辑。 | |
| 510 | 1 | @aAsia pacific interdisciplinary translation studies@h07@zeng |
| 606 | 0 | @a翻译@Afan yi@j文集 |
| 690 | @aH059-53@v5 | |
| 701 | 0 | @a罗选民@Aluo xuan min@4主编 |
| 801 | 0 | @aCN@b上海新华@c20191020 |
| 905 | @b1185215-8@dH059-53@e246:7@f4 | |
| 亚太跨学科翻译研究.第七辑=Asia pacific interdisciplinary translation studies.07/主编罗选民.-北京:清华大学出版社,2019 |
| 183页:图, 肖像;26cm |
| 本集刊为中国知网及CNKI系列数据库收录 主办单位: 中国英汉语比较研究会、亚太地区翻译与跨文化论坛、广东外语外贸大学、清华大学翻译与跨学科研究中心 |
| ISBN 978-7-302-52619-3:CNY59.00 |
| 本书旨在为亚太地区的学者提供一个国际性的学术交流平台,促进亚太地区与全球其它地区翻译与跨文化研究领域的理论学者和实践工作者的学术互动,推动该领域的学术研究;集刊注重学术客观性和创新性;在翻译与跨文化研究的大框架下,期刊将涵盖人文与社会科学研究的诸多领域,如文学、语言学、历史、艺术、媒体与传播学、文化研究、政治学、国际关系、社会学以及人类学等。计划2018年出版两辑。 |
| ● |
| 相关链接 |
|
|
|
|
正题名:亚太跨学科翻译研究
索取号:H059-53/246:7
 
预约/预借
| 序号 | 登录号 | 条形码 | 馆藏地/架位号 | 状态 | 备注 |
| 1 | 1185215 | 211852155 | 第二样本阅览室/ [索取号:H059-53/246:7] | 在馆 | |
| 2 | 1185216 | 211852164 | 第四借阅区/ [索取号:H059-53/246:7] | 在馆 | |
| 3 | 1185217 | 211852173 | 第四借阅区/ [索取号:H059-53/246:7] | 在馆 | |
| 4 | 1185218 | 211852182 | 第四借阅区/ [索取号:H059-53/246:7] | 在馆 |